[Event "Ufa Kopylov Memorial op"]
[Site "Ufa"]
[Date "2008.12.21"]
[Round "6"]
[White "Selegenenko, Vladimir"]
[Black "Penzin, Vladimir"]
[Result "1/2-1/2"]
[WhiteElo "2135"]
[BlackElo "2058"]
[PlyCount "113"]
[EventDate "2008.12.16"]
[EventType "swiss"]
[EventRounds "9"]
[EventCountry "RUS"]
[SourceTitle "EXT 2010"]
[Source "ChessBase"]
[SourceDate "2010.11.25"]
[SourceVersion "1"]
[SourceVersionDate "2010.11.25"]
[SourceQuality "1"]

1. d4 Nf6 2. c4 g6 3. Nc3 Bg7 4. e4 d6 5. Be2 0-0 6. Nf3 Nc6 7. 0-0 e5 8. d5 Ne7 9. Nd2 Nd7 10. b4 a5 11. bxa5 Rxa5 12. Nb3 Ra8 13. Be3 b6 14. a4 f5 15. f3 Nc5 16. Nxc5 bxc5 17. Qd2 f4 18. Bf2 g5 19. g4 fxg3 20. hxg3 Ng6 21. Kg2 h5 22. Be3 Bf6 23. Rh1 h4 24. Nd1 Rf7 25. Nf2 hxg3 26. Kxg3 Nf4 27. Ng4 Bxg4 28. fxg4 Qe8 29. a5 c6 30. Bd1 cxd5 31. cxd5 Qd8 32. Qc3 Qc7 33. Bd2 Rh7 34. Bf3 Rf7 35. Qc4 Qc8 36. Rab1 Bd8 37. Qb5 Qd7 38. Qxd7 Rxd7 39. Rb5 Rda7 40. Ra1 Rh7 41. Rab1 Rha7 42. Rb8 Kf7 43. R1b7+ Ke8 44. Rxa7 Rxa7 45. Bd1 Kd7 46. Ba4+ Kc7 47. Rb6 Ne2+ 48. Kg2 Nd4 49. Be3 Be7 50. Bxd4 exd4 51. Bc6 Bd8 52. Rb5 Kc8 53. a6 Kc7 54. Bb7 Bf6 55. Kf3 Be5 56. Ke2 c4 57. Rb4 1/2-1/2

[Event "Ufa Kopylov Memorial op"]
[Site "Ufa"]
[Date "2008.12.20"]
[Round "5"]
[White "Guzairov, Arthur"]
[Black "Selegenenko, Vladimir"]
[Result "1/2-1/2"]
[WhiteElo "2083"]
[BlackElo "2135"]
[PlyCount "64"]
[EventDate "2008.12.16"]
[EventType "swiss"]
[EventRounds "9"]
[EventCountry "RUS"]
[SourceTitle "EXT 2010"]
[Source "ChessBase"]
[SourceDate "2010.11.25"]
[SourceVersion "1"]
[SourceVersionDate "2010.11.25"]
[SourceQuality "1"]

1. d4 Nf6 2. Nf3 g6 3. Bf4 Bg7 4. e3 c5 5. c3 Qb6 6. Qb3 0-0 7. Nbd2 d6 8. Bc4 Nc6 9. Qxb6 axb6 10. e4 cxd4 11. cxd4 Ne8 12. Be3 Nb4 13. Kd1 Nc7 14. Rc1 d5 15. a3 dxc4 16. axb4 b5 17. b3 f5 18. exf5 gxf5 19. Bg5 Nd5 20. bxc4 bxc4 21. Nxc4 Bd7 22. Ne3 Nf6 23. Bxf6 Rxf6 24. Kd2 Rd6 25. Rc7 b5 26. Kc3 Ra3+ 27. Kb2 Ra4 28. Nc2 f4 29. Rc5 Rg6 30. Rg1 Rga6 31. Ra1 Rxa1 32. Nxa1 Rg6 1/2-1/2

[Event "Ufa Kopylov Memorial op"]
[Site "Ufa"]
[Date "2008.12.17"]
[Round "2"]
[White "Selegenenko, Vladimir"]
[Black "Ermakov, Vladimir"]
[Result "1-0"]
[WhiteElo "2135"]
[BlackElo "2030"]
[PlyCount "63"]
[EventDate "2008.12.16"]
[EventType "swiss"]
[EventRounds "9"]
[EventCountry "RUS"]
[SourceTitle "EXT 2010"]
[Source "ChessBase"]
[SourceDate "2010.11.25"]
[SourceVersion "1"]
[SourceVersionDate "2010.11.25"]
[SourceQuality "1"]

1. d4 Nf6 2. c4 g6 3. Nc3 Bg7 4. e4 d6 5. Be2 0-0 6. Nf3 e5 7. 0-0 Nc6 8. Be3 Ng4 9. Bg5 f6 10. Bc1 Nh6 11. h3 exd4 12. Nxd4 Nf7 13. Be3 Re8 14. Qd2 Nxd4 15. Bxd4 Ng5 16. f3 c6 17. Be3 Nf7 18. Rfe1 a5 19. Rad1 a4 20. Bf1 Qa5 21. Nb1 Qxd2 22. Bxd2 f5 23. exf5 Bxf5 24. Nc3 a3 25. b3 Bd4+ 26. Kh1 Bf2 27. Rxe8+ Rxe8 28. g4 Bc8 29. Ne4 Bd4 30. Bc1 Bb2 31. Bxb2 axb2 32. Nf6+ 1-0